000 00299nam a22001337a 4500
008 170412b xxu||||| |||| 00| 0 eng d
020 _a9780323026062
041 _aeng
080 _a618
100 _a10
101 _aSHM
245 _aFETAL MONITORING ASSESSMENT
_cTUCKER.S.M
942 _2udc
_cBK
999 _c10573
_d10573